Η προτεσταντική ηθική και το πνεύμα του καπιταλισμού

Saved in:
Bibliographic Details
Main Author: Weber, Max, 1864-1920
Format: Book
Language:Greek
German
Published: [Αθήνα] : Δημοσιογραφικός Οργανισμός Λαμπράκη, c2010.
Series:Βιβλία που άλλαξαν τον κόσμο 7
Subjects:
Tags: Add Tag
No Tags, Be the first to tag this record!

MARC

LEADER 00000cam a2200000 a 4500
001 1/118540
008 190507s2010####gr | ||| |||| ||gre||
020 |a 9789604697014 
040 |a GR-MyUa  |b gre  |c GR-MyUa  |e AACR2 
041 1 |a gre  |h ger 
082 7 |a 306.6   |2 (23) 
100 1 |a Weber, Max,   |d 1864-1920. 
245 1 2 |a Η προτεσταντική ηθική και το πνεύμα του καπιταλισμού /   |c Μαξ Βέμπερ ; μετάφραση: Δημοσθένης Κούρτοβικ.  
260 |a [Αθήνα] :   |b Δημοσιογραφικός Οργανισμός Λαμπράκη,   |c c2010. 
300 |a 258 σ. ;   |c 21 εκ.  
490 1 |a (Βιβλία που άλλαξαν τον κόσμο ;   |v 7) 
500 |a Ειδική έκδοση για την εφημερίδα "Το Βήμα". 
650 0 |a Capitalism  |x Religious aspects  |x Protestant churches. 
650 0 |a Protestant work ethic. 
830 0 |a Βιβλία που άλλαξαν τον κόσμο  |v 7 
852 |a INST  |b SYROS  |e 20190507  |h 306.6 WEB  |p 005500013686  |q 005500013686  |t BK  |y 0 
970 |a Κοντού  |b Παρασκευή  |z 07/05/2019